000 00553nam a22002297a 4500
999 _c6268
_d6268
001 6268
003 BD-JhCC
005 20180118173310.0
008 180118s1974 bg |||| |||| 00| 0 eng d
035 _a(BD-JhCC)6268
040 _aBD-JhCC
_dBD-JhCC
041 _aeng
082 _a297
_bSID 1974
100 _aSiddiqui, S. A.
245 _aTruth is Come /
_cS. A. Siddiqui
260 _aChittagong ,
_bRafiq Manzil :
_c1974.
300 _a86 p. :
_c22 cm
504 _aIncludes Bibiography
650 _aIslam
942 _2ddc
_cBK